Normal view
MARC view
- WHINNERY, JOHN R,RAMO, SIMON
Entry Personal Name
001 - CONTROL NUMBER
- control field: 79601
003 - CONTROL NUMBER IDENTIFIER
- control field: NUST
005 - DATE AND TIME OF LATEST TRANSACTION
- control field: 20210628210506.0
008 - FIXED-LENGTH DATA ELEMENTS
- fixed length control field: 210628|| aca||aabn | a|a d
040 ## - CATALOGING SOURCE
- Original cataloging agency: NUST
- Transcribing agency: NUST
100 ## - HEADING--PERSONAL NAME
- Personal name: WHINNERY, JOHN R,RAMO, SIMON
670 ## - SOURCE DATA FOUND
- Source citation: Work cat.: (NUST): WHINNERY, JOHN R,RAMO, SIMON, FIELDS AND WAVES IN MODERN RADIO, 1953
